Kluby Liga NOS 2023/24 - Statystyki

Ogólne statystyki
  • Ten quiz został rozwiązany 140 razy
    66 od ostatniego zresetowania
  • Średni wynik to 8 z 18
Statystyki odpowiedzi
Odpowiedź % Poprawnych
Benfica
100%
Sporting CP
98%
Porto
97%
Braga
88%
Boavista Porto
60%
Rio Ave
53%
Vitoria Guimaraes
52%
Arouca
43%
Estoril Praia
33%
Chaves
28%
Gil Vicente
27%
Moreirense FC
27%
Portimonense
25%
Famalicao
23%
Vizela
22%
Casa Pia
20%
Estrela Amadora
18%
SC Farense
15%
Nie znaleziono quizów pasujących do podanych kryteriów
Rozkład punktacji
Procent ludzi z każdym wynikiem
Percentyl według liczby udzielonych odpowiedzi
Twoja historia wyników
Nie rozwiązałeś tego quizu od ostatniego zresetowania